000 00959nas a2200313 4500
001 BR0604248
003 BR-BrBNA
005 20231205110336.0
007 ta
008 230509b bl.|||p| |||| 00| 00por d
040 _aBR-BrBNA
_bpor
_cBiblioteca Nacional de Agricultura
041 _a(En)
072 _aH20
100 1 _aNascimento, L.C. do
100 1 _aPensuk, V.
100 1 _aCosta, N.P. da
100 1 _aAssis Filho, F.M. de
100 1 _aPio-Ribeiro, G.
100 1 _aDeom, C.M.
100 1 _aSherwood, J.
245 1 _aEvaluation of peanut genotypes for resistance to Tomato spotted wilt virus by mechanical and thrips inoculation
650 _aAMENDOIM
650 _aVIRUS
650 _aINOCULAÇÃO
650 _aTRANSMISSÃO DE DOENÇA
773 0 _tPesquisa Agropecuária Brasileira (Brazil)
_xISSN 0100-204X
_g(Jun 2006), v. 41(6) p. 937-942
_wBR0604248
909 _a202311
_bLúcia
_c55
_dLúcia Elande
942 _2AGRIS
_n0
_cANA
999 _c187042
_d187042